Financial resources for international study : (Record no. 3447)

MARC details
000 -LEADER
fixed length control field 01126cam a2200325 a 4500
001 - CONTROL NUMBER
control field 13556778
003 - CONTROL NUMBER IDENTIFIER
control field OSt
005 - DATE AND TIME OF LATEST TRANSACTION
control field 20160408200842.0
008 - FIXED-LENGTH DATA ELEMENTS--GENERAL INFORMATION
fixed length control field 040413s1996 nyu r 001 0 eng d
010 ## - LIBRARY OF CONGRESS CONTROL NUMBER
LC control number 2004298833
020 ## - INTERNATIONAL STANDARD BOOK NUMBER
International Standard Book Number 0872062201
035 ## - SYSTEM CONTROL NUMBER
System control number (OCoLC)ocm35773331
040 ## - CATALOGING SOURCE
Original cataloging agency ONU
Transcribing agency ONU
Modifying agency SLU
-- OCL
-- DLC
042 ## - AUTHENTICATION CODE
Authentication code lccopycat
043 ## - GEOGRAPHIC AREA CODE
Geographic area code n-us---
050 00 - LIBRARY OF CONGRESS CALL NUMBER
Classification number LB2337.2
Item number .F586 1996
245 00 - TITLE STATEMENT
Title Financial resources for international study :
Remainder of title a guide for US nationals /
Statement of responsibility, etc. Marie O'Sullivan, editor ; Sara J. Steen, supervising editor.
250 ## - EDITION STATEMENT
Edition statement 2nd ed.
260 ## - PUBLICATION, DISTRIBUTION, ETC. (IMPRINT)
Place of publication, distribution, etc. New York :
Name of publisher, distributor, etc. Institute of International Education,
Date of publication, distribution, etc. 1996.
300 ## - PHYSICAL DESCRIPTION
Extent xxxix, 280 p. ;
Dimensions 28 cm.
500 ## - GENERAL NOTE
General note Includes indexes.
650 #0 - SUBJECT ADDED ENTRY--TOPICAL TERM
Topical term or geographic name as entry element Student aid
Geographic subdivision United States
Form subdivision Directories.
9 (RLIN) 7707
650 #0 - SUBJECT ADDED ENTRY--TOPICAL TERM
Topical term or geographic name as entry element Foreign study
General subdivision Research grants
Geographic subdivision United States.
9 (RLIN) 7708
650 #0 - SUBJECT ADDED ENTRY--TOPICAL TERM
Topical term or geographic name as entry element Scholarships
Form subdivision Directories.
9 (RLIN) 7709
700 1# - ADDED ENTRY--PERSONAL NAME
Personal name O'Sullivan, Marie.
9 (RLIN) 7710
700 1# - ADDED ENTRY--PERSONAL NAME
Personal name Steen, Sara J.
9 (RLIN) 7711
906 ## - LOCAL DATA ELEMENT F, LDF (RLIN)
a 7
b cbc
c copycat
d 2
e ncip
f 20
g y-gencatlg
942 ## - ADDED ENTRY ELEMENTS (KOHA)
Source of classification or shelving scheme Dewey Decimal Classification
Koha item type Short Loan
Holdings
Withdrawn status Lost status Source of classification or shelving scheme Damaged status Not for loan Home library Current library Date acquired Inventory number Total Checkouts Barcode Date last seen Price effective from Koha item type
    Dewey Decimal Classification     MUST Main Library MUST Main Library 08/04/2016 1999/13132   2016-0687 08/04/2016 08/04/2016 Short Loan